Statistics for Countries Closest to Moldova - 15 Second Sprint

Click here to take the quiz!

General Stats

  • This quiz has been taken 53 times
  • The average score is 7 of 20

Answer Stats

kmcountrymiles% Correct
0Ukraine0
98%
0Romania0
89%
213Russia123
73%
337Belarus309
56%
164Bulgaria102
51%
435Serbia270
38%
382Turkey237
38%
287Poland178
36%
444Greece276
29%
311Slovakia193
29%
279Hungary173
24%
585Czechia363
22%
703Austria437
18%
715Albania444
16%
601Kosovo374
13%
687Montenegro427
13%
645Croatia401
9%
578Macedonia359
9%
633Lithuania393
7%
670Bosnia and
Herzegovina
416
2%

Score Distribution

Percentile by Number Answered

Percent of People with Each Score

Your Score History

You have not taken this quiz